| 000 | 01011nam0a22002891 4500 | ||
|---|---|---|---|
| 001 | RU\INFOCOMM_429\NLR\5000009176 | ||
| 005 | 20130329234414.7 | ||
| 035 | _a(NLR Aleph) 010631173 | ||
| 090 |
_a10636376 _c10636376 |
||
| 100 | _a20130329d1984 u y0rusy50 ca | ||
| 101 | 1 |
_aeng _crus |
|
| 102 | _aRU | ||
| 105 | _ay z|||| | ||
| 200 | 1 |
_aQuestions and problems in general physics _fI. V. Savelyev _gTransl. from the Russ. by G. Leib |
|
| 205 | _aRev. from the 1982 Russ. ed. | ||
| 210 |
_aM. _cMir _d1984 |
||
| 215 |
_a302 с. _cил. _d21 см |
||
| 300 | _aВ вып. дан.: Сборник вопросов и задач по общей физике / Игорь Владимирович Савельев | ||
| 620 | _aМосква | ||
| 686 |
_aВ3я73-41 _2rubbk |
||
| 700 | 1 |
_9z01790 _aSavel'ev _bI. V. _gIgor' Vladimirovič |
|
| 790 | 1 |
_9z01700 _aSavelyev _bI. V. _4070 |
|
| 801 | 0 |
_aRU _bINFOCOMM _gPSBO |
|
| 801 | 1 |
_aRU _bInfocomm _c20130329 |
|
| 852 |
_aNLR _jФз01 Д-3/219 |
||
| 942 | _cBOOK | ||
| 980 | _aNB | ||